Знать своих героев; Стандарты и качество; № 1

書誌詳細
Parent link:Стандарты и качество: научно-технический журнал/ Российская Федерация, Государственный комитет по стандартизации и метрологии (Госстандарт России).— , 1980-.— 0038-9692
№ 1.— 2002.— С. 12
第一著者: Симонов Ю. Юрий
言語:ロシア語
出版事項: 2002
シリーズ:Панорама Деловой клуб
主題:
フォーマット: 図書の章
KOHA link:https://koha.lib.tpu.ru/cgi-bin/koha/opac-detail.pl?biblionumber=459048

MARC

LEADER 00000naa2a2200000 4500
001 459048
005 20231101085121.0
035 |a (RuTPU)RU\TPU\prd\122814 
035 |a RU\TPU\prd\4127 
090 |a 459048 
100 |a 20111018a2002 k y0rusy50 ca 
101 0 |a rus 
102 |a RU 
200 1 |a Знать своих героев  |f Ю. Симонов 
225 1 |a Панорама  |d Деловой клуб 
461 1 |0 (RuTPU)RU\TPU\prd\992  |x 0038-9692  |t Стандарты и качество  |o научно-технический журнал  |f Российская Федерация, Государственный комитет по стандартизации и метрологии (Госстандарт России)  |d 1980- 
463 1 |0 (RuTPU)RU\TPU\prd\122806  |t № 1  |v С. 12  |d 2002 
610 1 |a качество 
610 1 |a программы 
610 1 |a конкурсы 
700 1 |a Симонов  |b Ю.  |g Юрий 
801 1 |a RU  |b 63413507  |c 20020524  |g PSBO 
801 2 |a RU  |b 63413507  |c 20111018  |g PSBO 
942 |c BK